MARC

LEADER 00000nam0a2200000 4500
001 289075
005 20231102000143.0
020 |a RU  |b 83-65754 
035 |a (RuTPU)RU\TPU\book\313580 
090 |a 289075 
100 |a 20150331d1983 m y0rusy5003 ca 
101 0 |a rus 
102 |a RU 
105 |a y z 001zy 
200 1 |a Проблема полноты квантовой теории: поиск новых подходов  |e философский аспект  |f В. А. Бажанов 
210 |a Казань  |c Изд-во Казан. ун-та  |d 1983 
215 |a 104 с. 
320 |a Библиогр.: с. 95-103 
606 1 |a Квантовая механика  |x Философские проблемы  |2 stltpush  |3 (RuTPU)RU\TPU\subj\14214  |9 40670 
610 1 |a квантовая теория 
610 1 |a философия 
610 1 |a рефлексия 
610 1 |a метатеоретические исследования 
610 1 |a диалектический метод 
610 1 |a обобщение 
675 |a 530.145.6:1  |z rus  |v 3 
700 1 |a Бажанов  |b В. А.  |g Валентин Александрович  |4 070 
801 0 |a RU  |b RuMRKP  |c 19950704  |g psbo 
801 1 |a RU  |b 63413507  |c 20150331 
801 2 |a RU  |b 63413507  |c 20170111  |g RCR 
942 |c BK